| 000 | 01029nam a22002177a 4500 | ||
|---|---|---|---|
| 003 | 0 | ||
| 005 | 20251023083243.0 | ||
| 008 | 251023b xxu||||| |||| 00| 0 eng d | ||
| 020 | _a978-0-2412-5372-4 | ||
| 050 |
_aPE 1114 _b.E54 2017 |
||
| 100 |
_aDK (Firm), _eauthor. |
||
| 245 |
_aEnglish for everyone :$ _bpractice book level 1, business English / _cDK. |
||
| 260 |
_aLondon : _bDorling Kindersley Limited, _c2017. |
||
| 300 |
_a176 pages : _bcolor illustrations ; _c24 cm. |
||
| 500 | _aIncludes answer key. Companion to English for Everyone: Course Book Level 1, Business English. | ||
| 520 | _aA self-study workbook designed to help learners of English develop business communication skills through exercises on vocabulary, grammar, and usage for professional contexts. | ||
| 650 |
_aEnglish language _xBusiness English _vProblems, exercises, etc. |
||
| 650 |
_aEnglish language _xStudy and teaching _xForeign speakers _vSelf-instruction. |
||
| 650 |
_aEnglish language _xUsage _vHandbooks, manuals, etc. |
||
| 942 |
_2lcc _cBK |
||
| 999 |
_c368332 _d368332 |
||